[Event "Moscow_Open_19_Turnir"]
[Site "?"]
[Date "2019.01.30"]
[Round "6.10"]
[White "Khudyakov, Stanislav"]
[Black "Rudometov, Maxim"]
[Result "0-1"]
[BlackElo "2265"]
[WhiteElo "2126"]
[LiveChessVersion "1.4.8"]

1. e4 {[%clk 1:30:55]} d5 {[%clk 1:30:31]} 2. exd5 {[%clk 1:31:20]} Qxd5
{[%clk 1:30:57]} 3. Nc3 {[%clk 1:31:44]} Qd8 {[%clk 1:31:24]} 4. d4
{[%clk 1:32:08]} Nf6 {[%clk 1:31:25]} 5. Nf3 {[%clk 1:31:34]} c6 {[%clk 1:27:03]}
6. Bc4 {[%clk 1:31:19]} b5 {[%clk 1:27:19]} 7. Bd3 {[%clk 1:30:36]} g6
{[%clk 1:27:32]} 8. O-O {[%clk 1:30:44]} Bg7 {[%clk 1:27:55]} 9. Re1
{[%clk 1:27:33]} O-O {[%clk 1:27:34]} 10. Qe2 {[%clk 1:20:07]} Re8 11. Bg5
{[%clk 1:04:08]} Be6 {[%clk 1:14:46]} 12. a4 {[%clk 0:53:54]} b4 {[%clk 1:12:08]}
13. Ne4 {[%clk 0:54:18]} Nbd7 {[%clk 1:08:49]} 14. a5 Nd5 {[%clk 0:57:55]} 15.
Qd2 {[%clk 0:30:21]} Qc7 {[%clk 0:50:56]} 16. Bh6 {[%clk 0:27:05]} Bg4
{[%clk 0:36:02]} 17. Bxg7 {[%clk 0:21:31]} Kxg7 {[%clk 0:34:38]} 18. Be2
{[%clk 0:21:34]} Rab8 {[%clk 0:29:21]} 19. Neg5 {[%clk 0:15:55]} h6
{[%clk 0:22:30]} 20. h3 {[%clk 0:12:16]} Bf5 {[%clk 0:16:59]} 21. Nh4
{[%clk 0:12:40]} Qf4 {[%clk 0:14:28]} 22. Nxf5+ {[%clk 0:12:48]} gxf5
{[%clk 0:12:33]} 23. Nf3 {[%clk 0:10:24]} Qxd2 {[%clk 0:11:25]} 24. Nxd2
{[%clk 0:10:50]} Kf6 {[%clk 0:11:49]} 25. Nc4 {[%clk 0:10:01]} Rec8
{[%clk 0:08:47]} 26. Bf3 {[%clk 0:08:47]} Nf4 {[%clk 0:08:32]} 27. Ne5
{[%clk 0:07:21]} Nxe5 {[%clk 0:08:35]} 28. Rxe5 {[%clk 0:07:02]} Ne6
{[%clk 0:03:10]} 29. c3 {[%clk 0:05:15]} bxc3 {[%clk 0:02:56]} 30. bxc3
{[%clk 0:05:41]} c5 {[%clk 0:03:14]} 31. Rd5 {[%clk 0:05:52]} cxd4
{[%clk 0:02:55]} 32. cxd4 {[%clk 0:06:19]} Rc7 {[%clk 0:03:08]} 33. Ra4
{[%clk 0:02:28]} f4 {[%clk 0:02:32]} 34. Be4 {[%clk 0:01:22]} Rc1+
{[%clk 0:02:10]} 35. Kh2 {[%clk 0:01:47]} Rb2 {[%clk 0:02:35]} 36. Rf5+
{[%clk 0:00:56]} Kg7 {[%clk 0:03:02]} 37. f3 {[%clk 0:00:56]} Rd2
{[%clk 0:02:08]} 38. h4 {[%clk 0:01:19]} Rdd1 {[%clk 0:01:09]} 39. Kh3
{[%clk 0:01:44]} Nxd4 {[%clk 0:01:21]} 40. Rxf4 {[%clk 0:00:57]} h5
{[%clk 0:01:43]} 41. Bd5 {[%clk 0:00:48]} Rh1+ {[%clk 0:02:00]} 42. Kg3
{[%clk 0:01:13]} Ne2+ {[%clk 0:02:28]} 43. Kf2 {[%clk 0:01:37]} Nxf4
{[%clk 0:02:55]} 44. Rxf4 {[%clk 0:02:03]} Rc2+ {[%clk 0:03:09]} 45. Kg3
{[%clk 0:02:20]} e6 {[%clk 0:03:34]} 46. Rc4 {[%clk 0:02:27]} Ra2
{[%clk 0:03:32]} 47. Be4 {[%clk 0:01:53]} Rxa5 {[%clk 0:03:52]} 48. Rc7
{[%clk 0:02:05]} Rd1 {[%clk 0:03:34]} 49. Rb7 {[%clk 0:02:20]} Ra2
{[%clk 0:03:15]} 50. f4 {[%clk 0:02:31]} Rd4 {[%clk 0:03:32]} 51. Bf3
{[%clk 0:02:55]} Ra5 {[%clk 0:03:23]} 52. Rc7 {[%clk 0:03:08]} a6
{[%clk 0:03:09]} 53. Ra7 {[%clk 0:03:33]} Ra3 {[%clk 0:03:18]} 54. Rc7
{[%clk 0:03:06]} a5 {[%clk 0:03:21]} 55. Rc5 {[%clk 0:03:30]} Rd5
{[%clk 0:03:42]} 56. Rc7 {[%clk 0:03:47]} Rf5 {[%clk 0:03:31]} 57. Rc4
{[%clk 0:03:39]} a4 {[%clk 0:03:54]} 58. Kh2 {[%clk 0:04:04]} Ra5
{[%clk 0:04:08]} 0-1

[Event "Moscow_Open_19_Turnir"]
[Site "?"]
[Date "2019.01.30"]
[Round "6.11"]
[White "Matyunin, Maxim"]
[Black "Jaiswal, Rupesh"]
[Result "1/2-1/2"]
[BlackElo "2141"]
[WhiteElo "2218"]
[LiveChessVersion "1.4.8"]

1. d4 {[%clk 1:22:35]} Nf6 {[%clk 1:30:54]} 2. Nf3 {[%clk 1:23:01]} g6
{[%clk 1:31:14]} 3. c4 {[%clk 1:23:27]} Bg7 {[%clk 1:31:38]} 4. Nc3
{[%clk 1:23:53]} d5 {[%clk 1:32:03]} 5. cxd5 Nxd5 {[%clk 1:32:29]} 6. e4
{[%clk 1:24:44]} Nxc3 7. bxc3 {[%clk 1:25:09]} O-O {[%clk 1:32:50]} 8. Be2
{[%clk 1:25:35]} c5 {[%clk 1:33:05]} 9. O-O {[%clk 1:25:59]} cxd4 10. cxd4
{[%clk 1:26:23]} Nc6 {[%clk 1:33:10]} 11. Be3 {[%clk 1:27:07]} Bg4
{[%clk 1:33:12]} 12. d5 Bxa1 {[%clk 1:32:34]} 13. Qxa1 {[%clk 1:27:32]} Na5
{[%clk 1:32:48]} 14. Bh6 {[%clk 1:27:56]} f6 {[%clk 1:32:53]} 15. Bxf8 Qxf8
{[%clk 1:30:30]} 16. h3 {[%clk 1:28:25]} Bxf3 17. Bxf3 {[%clk 1:28:50]} Rc8
{[%clk 1:25:40]} 18. Bg4 {[%clk 1:29:11]} Rc5 {[%clk 1:20:28]} 19. Be6+
{[%clk 1:28:59]} Kg7 {[%clk 1:20:50]} 20. f4 {[%clk 1:28:48]} Nc4
{[%clk 1:20:28]} 21. Qd4 {[%clk 1:28:55]} b6 {[%clk 1:19:46]} 22. Rc1
{[%clk 1:26:08]} Nd6 {[%clk 1:18:40]} 23. Rxc5 {[%clk 1:25:58]} bxc5
{[%clk 1:19:06]} 24. Qxc5 {[%clk 1:26:16]} Nxe4 {[%clk 1:17:12]} 25. Qxa7
{[%clk 1:26:41]} Qd8 {[%clk 1:16:52]} 26. Qd4 {[%clk 1:26:20]} Nd6
{[%clk 1:15:14]} 27. Qb4 Qc7 {[%clk 1:11:15]} 28. a4 {[%clk 1:26:30]} Qc1+
{[%clk 1:11:24]} 29. Kh2 {[%clk 1:26:53]} Qe3 {[%clk 1:09:56]} 30. Bg4
{[%clk 1:21:40]} f5 {[%clk 1:04:37]} 31. Bf3 {[%clk 1:21:32]} Kf7
{[%clk 1:05:00]} 32. a5 {[%clk 1:11:52]} h5 33. Qa4 {[%clk 0:36:18]} Ne4
{[%clk 1:00:06]} 34. Bxe4 {[%clk 0:31:39]} fxe4 {[%clk 1:00:22]} 35. Qa2
{[%clk 0:29:02]} h4 {[%clk 1:00:32]} 36. d6+ {[%clk 0:25:57]} e6 {[%clk 0:59:39]}
37. Qb1 {[%clk 0:21:25]} Qxf4+ {[%clk 0:56:40]} 38. Kg1 {[%clk 0:21:49]} 1/2-1/2

[Event "Moscow_Open_19_Turnir"]
[Site "?"]
[Date "2019.01.30"]
[Round "6.12"]
[White "Bobrov, Vitaly"]
[Black "Badalyan, Shavarsh"]
[Result "0-1"]
[BlackElo "2198"]
[WhiteElo "1970"]
[LiveChessVersion "1.4.8"]

1. e4 {[%clk 1:24:05]} c5 {[%clk 1:30:43]} 2. c3 {[%clk 1:24:30]} Nf6
{[%clk 1:31:04]} 3. e5 {[%clk 1:24:55]} Nd5 {[%clk 1:31:29]} 4. d4
{[%clk 1:25:16]} cxd4 5. cxd4 {[%clk 1:25:34]} e6 {[%clk 1:32:15]} 6. Nf3
{[%clk 1:25:37]} b6 {[%clk 1:32:03]} 7. Nc3 {[%clk 1:25:21]} Nxc3
{[%clk 1:32:39]} 8. bxc3 {[%clk 1:25:48]} Qc7 {[%clk 1:32:51]} 9. Bd2
{[%clk 1:24:58]} Bb7 10. Ng5 {[%clk 1:21:47]} d6 {[%clk 1:29:31]} 11. f4 Be7
{[%clk 1:01:23]} 12. Qh5 {[%clk 1:09:57]} g6 {[%clk 0:59:39]} 13. Qh6
{[%clk 1:08:58]} Bxg5 {[%clk 0:59:50]} 14. Qxg5 {[%clk 1:08:15]} Qe7
{[%clk 0:55:57]} 15. Qg3 {[%clk 1:01:14]} Nc6 16. Bb5 {[%clk 0:44:28]} a6
{[%clk 0:45:33]} 17. Bxc6+ {[%clk 0:43:48]} Bxc6 {[%clk 0:46:00]} 18. O-O
{[%clk 0:43:47]} Be4 {[%clk 0:33:40]} 19. f5 {[%clk 0:37:29]} gxf5
{[%clk 0:31:44]} 20. Bg5 {[%clk 0:34:09]} Rg8 {[%clk 0:31:59]} 21. Bxe7
{[%clk 0:33:56]} Rxg3 {[%clk 0:32:26]} 22. hxg3 {[%clk 0:33:56]} Kxe7
{[%clk 0:32:53]} 23. exd6+ {[%clk 0:32:19]} Kxd6 {[%clk 0:32:44]} 24. Rae1
{[%clk 0:11:04]} Rc8 {[%clk 0:32:04]} 25. Rxe4 {[%clk 0:05:51]} fxe4
{[%clk 0:32:29]} 26. Rxf7 {[%clk 0:06:03]} Rc7 {[%clk 0:29:15]} 27. Rf8
{[%clk 0:03:23]} Rxc3 {[%clk 0:27:20]} 28. Rd8+ {[%clk 0:03:43]} Kc7
{[%clk 0:27:34]} 29. Rh8 {[%clk 0:03:35]} Rxg3 {[%clk 0:27:59]} 30. Rxh7+
{[%clk 0:03:56]} Kd6 {[%clk 0:28:10]} 31. Rb7 {[%clk 0:01:37]} Kc6
{[%clk 0:28:31]} 32. Re7 {[%clk 0:01:51]} Kd5 {[%clk 0:28:48]} 33. Rd7+
{[%clk 0:01:35]} Kc4 {[%clk 0:29:15]} 34. Rd6 {[%clk 0:01:55]} Ra3
{[%clk 0:29:33]} 35. Rxb6 {[%clk 0:01:36]} Rxa2 {[%clk 0:29:56]} 36. Rxe6
{[%clk 0:00:42]} Kxd4 {[%clk 0:30:23]} 37. g4 {[%clk 0:00:58]} Ke3
{[%clk 0:29:16]} 38. g5 {[%clk 0:00:56]} Ra5 {[%clk 0:29:29]} 39. g6
{[%clk 0:00:37]} Rg5+ {[%clk 0:28:10]} 40. Kf1 {[%clk 0:01:06]} a5
{[%clk 0:28:35]} 41. Ra6 {[%clk 0:01:10]} Kf3 {[%clk 0:28:26]} 42. Rf6+
{[%clk 0:00:54]} Ke3 {[%clk 0:28:31]} 43. Ra6 {[%clk 0:01:16]} a4
{[%clk 0:28:01]} 44. Rxa4 {[%clk 0:01:25]} Rxg6 {[%clk 0:28:29]} 45. Ra3+
{[%clk 0:01:47]} Kf4 {[%clk 0:28:53]} 46. Kf2 {[%clk 0:01:51]} Rb6
{[%clk 0:29:18]} 47. Rc3 {[%clk 0:00:53]} Rb2+ {[%clk 0:29:37]} 48. Kf1
{[%clk 0:01:09]} Rd2 {[%clk 0:29:13]} 49. Ra3 {[%clk 0:01:24]} Rd3
{[%clk 0:29:24]} 50. Ra8 {[%clk 0:00:32]} Ke3 {[%clk 0:29:37]} 51. Ke1
{[%clk 0:00:48]} Rb3 {[%clk 0:29:53]} 52. Ra1 {[%clk 0:01:01]} Kf3
{[%clk 0:29:58]} 53. Rc1 {[%clk 0:00:43]} Rb8 {[%clk 0:30:10]} 54. Rc3+
{[%clk 0:00:36]} e3 {[%clk 0:30:31]} 55. Kd1 {[%clk 0:00:37]} Kf2
{[%clk 0:30:44]} 56. Rc2+ {[%clk 0:00:47]} Kf1 {[%clk 0:31:11]} 57. Rh2
{[%clk 0:00:34]} Rd8+ {[%clk 0:31:36]} 58. Kc2 {[%clk 0:00:54]} e2
{[%clk 0:32:02]} 59. Rh1+ {[%clk 0:00:58]} Kg2 {[%clk 0:32:29]} 0-1

[Event "Moscow_Open_19_Turnir"]
[Site "?"]
[Date "2019.01.30"]
[Round "6.13"]
[White "Grachev, Andrey"]
[Black "Seliverstov, Vladislav"]
[Result "1-0"]
[BlackElo "2103"]
[WhiteElo "2181"]
[LiveChessVersion "1.4.8"]

1. e4 {[%clk 1:30:55]} c6 {[%clk 1:30:55]} 2. d4 {[%clk 1:31:16]} d5
{[%clk 1:31:20]} 3. e5 {[%clk 1:31:43]} Bf5 {[%clk 1:31:41]} 4. Nf3
{[%clk 1:32:07]} e6 {[%clk 1:31:58]} 5. Be2 {[%clk 1:32:32]} Ne7 {[%clk 1:30:52]}
6. O-O {[%clk 1:32:53]} Nd7 {[%clk 1:30:21]} 7. Nbd2 {[%clk 1:33:07]} Bg6
{[%clk 1:28:44]} 8. Nb3 {[%clk 1:33:21]} Nf5 {[%clk 1:27:40]} 9. Bd2 Be7
{[%clk 1:25:01]} 10. g4 {[%clk 1:32:44]} Nh4 {[%clk 1:20:39]} 11. Nxh4
{[%clk 1:33:07]} Bxh4 {[%clk 1:21:00]} 12. f4 {[%clk 1:33:35]} Be4
{[%clk 1:20:36]} 13. Bf3 {[%clk 1:32:43]} Bxf3 {[%clk 1:13:27]} 14. Qxf3
{[%clk 1:33:04]} Be7 15. f5 {[%clk 1:31:03]} exf5 {[%clk 1:13:23]} 16. gxf5
{[%clk 1:30:50]} Nf8 17. Rae1 {[%clk 1:17:41]} Bg5 {[%clk 1:06:50]} 18. e6
{[%clk 1:16:24]} Be7 {[%clk 1:01:19]} 19. Qh5 {[%clk 1:12:48]} g6
{[%clk 1:00:57]} 20. exf7+ {[%clk 1:10:10]} Kd7 {[%clk 1:01:27]} 21. Qh3
{[%clk 1:09:32]} Kc7 {[%clk 1:01:00]} 22. Bf4+ {[%clk 1:06:41]} Kb6
{[%clk 1:01:29]} 23. Nc5 {[%clk 1:05:57]} 1-0

[Event "Moscow_Open_19_Turnir"]
[Site "?"]
[Date "2019.01.30"]
[Round "6.14"]
[White "Volobuev, Vladimir"]
[Black "Antonov, Andrey P."]
[Result "1/2-1/2"]
[BlackElo "2150"]
[WhiteElo "1954"]
[LiveChessVersion "1.4.8"]

1. e4 {[%clk 1:30:47]} Nf6 {[%clk 1:30:55]} 2. Nc3 {[%clk 1:30:52]} e5
{[%clk 1:31:18]} 3. Nf3 {[%clk 1:30:47]} Nc6 {[%clk 1:31:41]} 4. Bb5
{[%clk 1:29:59]} Bb4 {[%clk 1:32:05]} 5. O-O {[%clk 1:28:46]} d6 {[%clk 1:31:58]}
6. d3 {[%clk 1:26:16]} O-O {[%clk 1:32:20]} 7. Bg5 {[%clk 1:26:09]} Bxc3 8. bxc3
{[%clk 1:26:36]} Ne7 {[%clk 1:33:11]} 9. Bxf6 gxf6 {[%clk 1:33:37]} 10. Nh4
{[%clk 1:19:24]} Ng6 {[%clk 1:33:30]} 11. Nxg6 hxg6 {[%clk 1:33:55]} 12. f4
{[%clk 1:16:45]} c6 {[%clk 1:30:34]} 13. Bc4 {[%clk 1:12:39]} d5 {[%clk 1:31:02]}
14. Bb3 {[%clk 1:13:03]} dxe4 15. fxe5 {[%clk 1:08:54]} fxe5 {[%clk 1:06:08]} 16.
dxe4 {[%clk 1:06:05]} Qe7 {[%clk 1:06:33]} 17. Qd2 {[%clk 1:02:31]} Kg7
{[%clk 1:01:25]} 18. Rad1 {[%clk 0:58:18]} Bg4 {[%clk 1:00:02]} 19. Qd6
{[%clk 0:58:25]} Rae8 {[%clk 0:53:43]} 20. Rd2 {[%clk 0:55:20]} Qxd6
{[%clk 0:42:34]} 21. Rxd6 {[%clk 0:55:48]} Re7 {[%clk 0:42:43]} 22. h3
{[%clk 0:55:31]} Rd7 {[%clk 0:41:08]} 23. Rff6 {[%clk 0:49:43]} Rxd6
{[%clk 0:41:33]} 24. Rxd6 {[%clk 0:50:09]} Bc8 {[%clk 0:41:47]} 25. g4
{[%clk 0:45:20]} g5 {[%clk 0:35:23]} 26. Kf2 {[%clk 0:43:40]} Re8
{[%clk 0:34:57]} 27. Kg3 {[%clk 0:43:34]} Kf8 {[%clk 0:34:47]} 28. Rh6
{[%clk 0:31:27]} Kg7 {[%clk 0:31:36]} 29. Rd6 {[%clk 0:31:40]} Kf8
{[%clk 0:28:32]} 30. Rh6 {[%clk 0:32:03]} Ke7 {[%clk 0:28:35]} 31. h4
{[%clk 0:30:13]} gxh4+ {[%clk 0:28:56]} 32. Kxh4 {[%clk 0:30:25]} Rd8
{[%clk 0:28:34]} 33. Rh5 {[%clk 0:25:52]} Rg8 {[%clk 0:23:21]} 34. g5
{[%clk 0:23:23]} Rg7 {[%clk 0:22:35]} 35. Rh8 {[%clk 0:22:32]} Bd7
{[%clk 0:22:48]} 36. Kh5 {[%clk 0:21:03]} Be8 {[%clk 0:22:14]} 37. Kh4
{[%clk 0:18:25]} a5 {[%clk 0:19:20]} 38. a3 {[%clk 0:15:59]} b5 {[%clk 0:17:52]}
39. c4 {[%clk 0:15:11]} b4 {[%clk 0:09:17]} 40. axb4 {[%clk 0:15:31]} axb4
{[%clk 0:09:44]} 41. c5 {[%clk 0:15:55]} Bd7 {[%clk 0:08:54]} 42. Rh6
{[%clk 0:14:44]} Rg8 {[%clk 0:07:52]} 43. Rf6 {[%clk 0:13:31]} Rg7
{[%clk 0:07:02]} 44. Kh5 {[%clk 0:11:07]} Rh7+ {[%clk 0:07:24]} 45. Rh6
{[%clk 0:11:21]} 1/2-1/2

[Event "Moscow_Open_19_Turnir"]
[Site "?"]
[Date "2019.01.30"]
[Round "6.15"]
[White "Kovalev, Egor"]
[Black "Borisov, Mark"]
[Result "1-0"]
[BlackElo "1877"]
[WhiteElo "2234"]
[LiveChessVersion "1.4.8"]

1. e4 {[%clk 1:23:59]} c6 {[%clk 1:27:19]} 2. d4 {[%clk 1:24:27]} d5
{[%clk 1:27:45]} 3. e5 {[%clk 1:24:55]} c5 {[%clk 1:28:09]} 4. dxc5
{[%clk 1:25:21]} Nc6 {[%clk 1:28:07]} 5. Nf3 {[%clk 1:25:44]} Bg4 6. c3
{[%clk 1:25:30]} e6 {[%clk 1:28:41]} 7. Be3 {[%clk 1:25:57]} Bxf3
{[%clk 1:19:04]} 8. Qxf3 {[%clk 1:26:25]} Nxe5 {[%clk 1:19:20]} 9. Bb5+
{[%clk 1:26:53]} Nc6 {[%clk 1:18:36]} 10. O-O {[%clk 1:27:19]} Nf6
{[%clk 1:18:44]} 11. c4 {[%clk 1:27:42]} Qc7 {[%clk 1:12:58]} 12. Nc3
{[%clk 1:27:35]} dxc4 {[%clk 1:11:31]} 13. Bxc4 {[%clk 1:23:33]} Be7
{[%clk 1:06:46]} 14. Nb5 Qb8 {[%clk 1:03:16]} 15. Nd4 {[%clk 1:20:10]} Nxd4
{[%clk 0:54:18]} 16. Bxd4 {[%clk 1:20:38]} O-O {[%clk 0:54:32]} 17. b4
{[%clk 1:19:55]} a5 {[%clk 0:42:03]} 18. a3 {[%clk 1:19:27]} Rd8 {[%clk 0:40:58]}
19. Rad1 {[%clk 1:19:38]} axb4 {[%clk 0:38:01]} 20. axb4 {[%clk 1:20:07]} Nd7 21.
Rd2 {[%clk 1:15:36]} Bf6 {[%clk 0:25:38]} 22. Rfd1 {[%clk 1:15:31]} Rf8
{[%clk 0:25:27]} 23. Bxf6 {[%clk 1:08:43]} Nxf6 {[%clk 0:25:54]} 24. g4
{[%clk 1:09:11]} h6 {[%clk 0:23:25]} 25. h4 {[%clk 1:09:01]} Qe5 {[%clk 0:21:42]}
26. Re2 {[%clk 1:08:13]} Qc7 {[%clk 0:21:41]} 27. Rd6 {[%clk 1:00:36]} Rfd8
{[%clk 0:18:21]} 28. Red2 {[%clk 1:00:54]} Rxd6 {[%clk 0:18:25]} 29. Rxd6
{[%clk 1:01:21]} Rd8 {[%clk 0:18:38]} 30. Qd3 {[%clk 0:42:00]} Ra8
{[%clk 0:15:33]} 31. g5 {[%clk 0:40:52]} hxg5 {[%clk 0:15:31]} 32. hxg5
{[%clk 0:41:21]} Nh5 {[%clk 0:15:53]} 33. Qe3 {[%clk 0:38:25]} g6
{[%clk 0:15:37]} 34. b5 {[%clk 0:36:09]} Ng7 {[%clk 0:13:49]} 35. Bd3
{[%clk 0:32:15]} Ra4 {[%clk 0:10:07]} 36. b6 {[%clk 0:23:26]} Rg4+
{[%clk 0:10:11]} 37. Kf1 {[%clk 0:22:51]} Qe7 {[%clk 0:10:36]} 38. f4
{[%clk 0:21:40]} Nh5 {[%clk 0:08:22]} 39. Rd4 {[%clk 0:22:09]} Kh7
{[%clk 0:08:25]} 40. Qh3 {[%clk 0:22:06]} Qxc5 {[%clk 0:07:50]} 41. Qxh5+
{[%clk 0:22:33]} Qe7 1-0

[Event "Moscow_Open_19_Turnir"]
[Site "?"]
[Date "2019.01.30"]
[Round "6.16"]
[White "Razumovskiy, Mikhail"]
[Black "Teiitbaev, Aktilek"]
[Result "0-1"]
[BlackElo "2229"]
[WhiteElo "1974"]
[LiveChessVersion "1.4.8"]

1. d4 {[%clk 1:28:35]} Nf6 {[%clk 1:30:54]} 2. c4 {[%clk 1:29:00]} g6
{[%clk 1:31:21]} 3. f3 {[%clk 1:29:23]} Bg7 {[%clk 1:31:24]} 4. e4
{[%clk 1:29:43]} d6 {[%clk 1:31:51]} 5. Nc3 {[%clk 1:30:06]} O-O {[%clk 1:32:16]}
6. Be3 {[%clk 1:30:24]} b6 {[%clk 1:32:43]} 7. Qd2 {[%clk 1:24:15]} c5 8. e5
{[%clk 1:19:33]} cxd4 {[%clk 1:29:28]} 9. exf6 {[%clk 1:19:34]} dxc3
{[%clk 1:25:54]} 10. Qd5 {[%clk 1:11:24]} Bxf6 11. b3 {[%clk 0:59:45]} Qc7
{[%clk 1:20:46]} 12. Qxa8 {[%clk 0:39:04]} Nc6 {[%clk 1:20:59]} 13. Bd3
{[%clk 0:35:54]} Bb7 {[%clk 1:21:15]} 14. Qxf8+ {[%clk 0:36:20]} Kxf8
{[%clk 1:21:44]} 15. a3 {[%clk 0:35:49]} Ne5 16. Bc2 {[%clk 0:31:56]} Ng4
{[%clk 1:13:31]} 17. Bf4 {[%clk 0:29:29]} Qc5 {[%clk 1:12:57]} 18. Nh3
{[%clk 0:29:12]} Ne3 {[%clk 1:12:43]} 0-1

[Event "Moscow_Open_19_Turnir"]
[Site "?"]
[Date "2019.01.31"]
[Round "7.1"]
[White "Sarana, Alexey"]
[Black "Mokshanov, Alexey"]
[Result "1/2-1/2"]
[BlackElo "2442"]
[WhiteElo "2630"]
[LiveChessVersion "1.4.8"]

1. d4 {[%clk 1:26:39]} d5 {[%clk 1:30:48]} 2. Nf3 {[%clk 1:27:05]} Nf6
{[%clk 1:31:01]} 3. Bf4 {[%clk 1:27:29]} g6 {[%clk 1:28:45]} 4. e3
{[%clk 1:27:49]} Bg7 {[%clk 1:29:06]} 5. h3 {[%clk 1:28:13]} O-O {[%clk 1:27:34]}
6. Be2 {[%clk 1:28:37]} c5 {[%clk 1:25:36]} 7. c3 {[%clk 1:29:02]} cxd4
{[%clk 1:20:57]} 8. cxd4 {[%clk 1:28:06]} Qb6 {[%clk 1:20:24]} 9. Qb3
{[%clk 1:28:22]} Qxb3 {[%clk 1:16:56]} 10. axb3 {[%clk 1:28:48]} Nc6
{[%clk 1:17:19]} 11. Nc3 {[%clk 1:28:59]} b6 {[%clk 1:13:09]} 12. Ne5
{[%clk 1:16:52]} Nb4 {[%clk 1:09:59]} 13. Kd2 {[%clk 1:13:58]} Nd7
{[%clk 1:04:00]} 14. Nf3 {[%clk 1:11:53]} Bb7 {[%clk 0:54:19]} 15. Rhc1
{[%clk 1:12:16]} Rfc8 {[%clk 0:41:29]} 16. Nb5 {[%clk 1:11:43]} a5
{[%clk 0:37:51]} 17. Nc7 {[%clk 1:07:20]} Ra7 {[%clk 0:35:16]} 18. Bb5
{[%clk 0:41:45]} Nf6 {[%clk 0:30:33]} 19. Ke2 {[%clk 0:42:13]} Ne4
{[%clk 0:27:44]} 20. Nd2 {[%clk 0:41:33]} e5 {[%clk 0:20:34]} 21. Bxe5
{[%clk 0:27:19]} Bxe5 {[%clk 0:19:54]} 22. dxe5 {[%clk 0:27:47]} Bc6
{[%clk 0:19:15]} 23. Rxc6 {[%clk 0:25:33]} Nxc6 {[%clk 0:18:07]} 24. Nxe4
{[%clk 0:20:37]} dxe4 {[%clk 0:18:02]} 25. Bxc6 {[%clk 0:21:05]} Raxc7
{[%clk 0:18:23]} 26. Bxe4 {[%clk 0:21:28]} Rc5 {[%clk 0:18:42]} 27. f4
{[%clk 0:21:52]} Rb5 {[%clk 0:18:27]} 28. Ra3 {[%clk 0:21:09]} Rb4
{[%clk 0:16:15]} 29. Bd5 {[%clk 0:13:46]} Rc2+ {[%clk 0:15:49]} 30. Kd3
{[%clk 0:14:14]} Rxb2 {[%clk 0:16:04]} 31. Ra1 {[%clk 0:14:30]} Rb5
{[%clk 0:12:28]} 32. Bc4 {[%clk 0:14:50]} Rc5 {[%clk 0:12:26]} 33. g4
{[%clk 0:15:17]} Kg7 {[%clk 0:09:45]} 34. Ke4 {[%clk 0:14:17]} Rh2
{[%clk 0:07:07]} 35. Rd1 {[%clk 0:14:27]} b5 {[%clk 0:04:28]} 36. Bd5
{[%clk 0:11:38]} Rxh3 {[%clk 0:03:20]} 37. Ra1 {[%clk 0:11:15]} b4
{[%clk 0:01:26]} 38. Kd4 {[%clk 0:11:43]} Rc3 {[%clk 0:01:23]} 39. Rxa5
{[%clk 0:12:09]} Rhxe3 {[%clk 0:01:50]} 40. Ra7 {[%clk 0:12:20]} Red3+
{[%clk 0:02:15]} 41. Ke4 {[%clk 0:12:29]} 1/2-1/2

[Event "Moscow_Open_19_Turnir"]
[Site "?"]
[Date "2019.01.31"]
[Round "7.2"]
[White "Smirnov, Timofey"]
[Black "Fotin, Vladimir"]
[Result "1/2-1/2"]
[BlackElo "2341"]
[WhiteElo "2347"]
[LiveChessVersion "1.4.8"]

1. e4 {[%clk 1:23:17]} c5 {[%clk 1:30:39]} 2. Nf3 {[%clk 1:23:38]} e6
{[%clk 1:30:47]} 3. d4 {[%clk 1:24:00]} cxd4 {[%clk 1:31:07]} 4. Nxd4
{[%clk 1:24:25]} a6 {[%clk 1:31:07]} 5. c4 {[%clk 1:22:59]} Nf6 {[%clk 1:31:21]}
6. Nc3 {[%clk 1:23:22]} Bb4 {[%clk 1:31:25]} 7. Qd3 {[%clk 1:23:44]} d6
{[%clk 1:31:36]} 8. Nc2 {[%clk 1:20:42]} Bxc3+ {[%clk 1:31:38]} 9. bxc3
{[%clk 1:16:51]} Nbd7 {[%clk 1:09:48]} 10. f3 {[%clk 1:08:00]} Qc7
{[%clk 1:07:34]} 11. Bg5 Nc5 {[%clk 0:49:31]} 12. Qd2 {[%clk 0:47:07]} h6
{[%clk 0:48:16]} 13. Bh4 {[%clk 0:44:39]} e5 {[%clk 0:42:26]} 14. Rd1
{[%clk 0:41:37]} Ke7 {[%clk 0:41:32]} 15. Be2 {[%clk 0:40:16]} Be6
{[%clk 0:40:05]} 16. O-O {[%clk 0:39:54]} g5 {[%clk 0:31:41]} 17. Bf2
{[%clk 0:38:33]} Rac8 {[%clk 0:30:15]} 18. Ne3 {[%clk 0:38:00]} Rhd8
{[%clk 0:27:10]} 19. Qc2 {[%clk 0:33:20]} Qa5 {[%clk 0:26:10]} 20. Rb1
{[%clk 0:33:35]} Nfd7 {[%clk 0:23:16]} 21. Rfd1 {[%clk 0:31:32]} Qc7
{[%clk 0:11:57]} 22. h4 {[%clk 0:28:59]} Rg8 {[%clk 0:09:10]} 23. hxg5
{[%clk 0:28:13]} hxg5 {[%clk 0:09:35]} 24. Bg3 {[%clk 0:26:32]} Nf8
{[%clk 0:09:00]} 25. Kf2 {[%clk 0:23:20]} Ng6 {[%clk 0:09:02]} 26. Rh1
{[%clk 0:23:43]} Rh8 {[%clk 0:08:46]} 27. Rbg1 {[%clk 0:22:52]} Nf4
{[%clk 0:08:36]} 28. Qd2 {[%clk 0:19:28]} Qb6 {[%clk 0:07:31]} 29. Rb1
{[%clk 0:19:28]} Qa5 {[%clk 0:07:19]} 30. Rhd1 {[%clk 0:19:02]} Qc7
{[%clk 0:07:42]} 31. Bf1 {[%clk 0:17:09]} Rh1 {[%clk 0:07:44]} 32. Be2
{[%clk 0:17:13]} Rxd1 {[%clk 0:07:55]} 33. Rxd1 {[%clk 0:17:00]} Rh8
{[%clk 0:08:13]} 34. Kg1 {[%clk 0:16:50]} Qc6 {[%clk 0:07:17]} 35. Bf1
{[%clk 0:17:02]} f6 {[%clk 0:06:11]} 36. Rb1 {[%clk 0:09:45]} Qc7
{[%clk 0:05:33]} 37. Rd1 {[%clk 0:07:18]} Qc6 {[%clk 0:05:41]} 38. Bf2
{[%clk 0:06:38]} g4 {[%clk 0:04:56]} 39. Bg3 {[%clk 0:04:53]} Nh5
{[%clk 0:04:39]} 40. Bh4 {[%clk 0:03:59]} Nf4 {[%clk 0:03:44]} 41. Bg3
{[%clk 0:03:49]} Nh5 {[%clk 0:04:08]} 42. Bh4 {[%clk 0:03:19]} 1/2-1/2